| 000 | 00799nam a22002417a 4500 | ||
|---|---|---|---|
| 001 | 3912 | ||
| 003 | FISKH | ||
| 005 | 20240524153545.0 | ||
| 008 | 240523b cb ||||| |||| 00| 0 eng d | ||
| 040 |
_aFISK _beng _cFISK _dFISK |
||
| 050 | _aPZ7.S53822 | ||
| 082 | _a813.6 | ||
| 100 |
_a Shecter Alvear Vicky _d1961- |
||
| 245 |
_aCleopatra's moon / _cVicky Alvear Shecter |
||
| 260 |
_aNew York : _bScholastic , _c2011 |
||
| 300 |
_a355 pages : _c21 cm |
||
| 505 | _aM | ||
| 520 | _aCleopatra Selene, the only surviving daughter of Cleopatra and Marc Antony, recalls her life of pomp and splendor in Egypt and, after her parents' deaths, capitivity and treachery in Rome. | ||
| 521 | 8 |
_a730
_bLexile |
|
| 700 | _aVicky Alvear Shecter | ||
| 942 |
_2ddc _cBK _n0 |
||
| 999 |
_c3912 _d3912 |
||